000 00499nam a22001697a 4500
005 20251108163330.0
008 250721s1982 xx 000 0 ara d
082 1 4 _a001.42/ثرى
100 1 _aملحس، ثريا عبد الفتاح
245 1 0 _aمنهج البحوث العلميه للطلاب الجامعيين /
250 _aط3.
264 1 _aبيروت :
_bدار الكتاب اللبناني،
_c1982.
300 _a233ص.
650 1 7 _aالأبحاث
942 _2ddc
_cBK
999 _c23
_d23